000 01058cam a22002651a 4500
001 gs 24000037
003 DLC
005 20260227111328.0
008 761116s1923 ncuab s000 0 eng
010 _ags 24000037
035 _a(OCoLC)2560244
040 _aDLC
_cOT
_dNc
_dDLC
042 _apremarc
050 0 0 _aTN805.N8
_bC3
100 1 _aCampbell, Marius R.
_q(Marius Robinson),
_d1858-1940.
245 1 4 _aThe Deep River coal field of North Carolina /
_cby Marius R. Campbell and Kent W. Kimball ; prepared by United States Geological survey, in cooperation with the North Carolina Geological and Economic Survey.
260 _a[Chapel Hill, N.C.,
_c1923]
300 _a95 p. :
_bill., map ;
_c26 cm.
490 1 _aBulletin ;
_vno. 33
500 _aAt head of title: North Carolina Geological and economic survey. Joseph Hyde Pratt, director and state geologist.
500 _aMap folded in pocket.
650 0 _aCoal
_zNorth Carolina.
700 1 _aKimball, Kent W.
830 0 _aBulletin (North Carolina. Geological Survey Section) ;
_vno. 33.
999 _c26292
_d26292